Education and social mobility among the Chinese in Sabah : a case study in Tawau /
Saved in:
| 主要作者: | |
|---|---|
| 格式: | Thesis 圖書 |
| 語言: | English |
| 出版: |
1995.
|
| 主題: | |
| 在線閱讀: | http://studentsrepo.um.edu.my/id/eprint/674 |
| 標簽: |
添加標簽
沒有標簽, 成為第一個標記此記錄!
|
| LEADER | 01177cam a2200289 a 4500 | ||
|---|---|---|---|
| 001 | u408073 | ||
| 003 | SIRSI | ||
| 008 | 940615 1995 my t oo 1 eng m | ||
| 035 | |a ACC-5119 | ||
| 040 | |a UMM | ||
| 043 | |a a-my-sa | ||
| 090 | |a LC191.8 |b M4S2Yap | ||
| 091 | |a Microfiche 14104 | ||
| 100 | 1 | 0 | |a Yap, Laurence Tung Siong. |
| 245 | 1 | 0 | |a Education and social mobility among the Chinese in Sabah : |b a case study in Tawau / |c Laurence Yap Tung Siong. |
| 260 | |c 1995. | ||
| 300 | |a xix, 280 leaves ; |c 29 cm. | ||
| 500 | |a Microfiche. Kuala Lumpur : University of Malaya Library, 1999. 4 fiches : negative ; 11 x 15 cm. | ||
| 502 | |a Dissertation (M.A.) -- Jabatan Pengajian Tionghoa, Fakulti Sastera dan Sains Sosial, Universiti Malaya, 1995. | ||
| 504 | |a Includes bibliographical references. | ||
| 650 | 0 | |a Educational sociology |z Sabah |z Tawau. | |
| 650 | 0 | |a Social mobility |z Sabah |z Tawau. | |
| 710 | 2 | 0 | |a Universiti Malaya. |b Jabatan Pengajian Tionghoa. |
| 856 | 4 | 1 | |u http://studentsrepo.um.edu.my/id/eprint/674 |
| 948 | |a 03/03/1997 |b 09/08/2002 | ||
| 596 | |a 1 | ||
| 999 | |a LC191.8 M4S2YAP |w LC |c 1 |i A506433498 |d 20/10/2011 |e 20/10/2011 |l STACKS |m P01UTAMA |n 6 |r Y |s Y |t TESIS |u 14/6/1997 | ||
